Normal view
MARC view
- Dewhirst, Donald L
Entry Personal Name
001 - CONTROL NUMBER
- control field: 23
003 - CONTROL NUMBER IDENTIFIER
- control field: OSt
005 - DATE AND TIME OF LATEST TRANSACTION
- control field: 20140317110924.0
008 - FIXED-LENGTH DATA ELEMENTS
- fixed length control field: 140317|| aca||aabn | a|a d
040 ## - CATALOGING SOURCE
- Original cataloging agency: OSt
- Transcribing agency: OSt
100 ## - HEADING--PERSONAL NAME
- Personal name: Dewhirst, Donald L
670 ## - SOURCE DATA FOUND
- Source citation: Work cat.: (OSt): Huebner, Kenneth H 22, Finite element method for engineers, 2012
